000 00875cab a2200277 4500
001 ABS50989
008 090401t1994 xxu||||| |||| 00| 0 eng d
035 _a(Sirsi) u4057
041 _aeng
100 _aIreland, P.
245 _aCrossRail: good GIS..... pity about the vote
260 _c1994
350 _a0
490 _aMapping Awareness
_v8(5) June 1994, 32-35(4)
520 _aReports on the way GIS is being used on the CrossRail project and discusses aspects such as quality survey data, costs, the role of GIS on the project in future.
650 _aBRITISH RAIL
650 _aCROSSRAIL
650 _aGIS
650 _aLONDON UNDERGROUND
650 _aNATIONAL GRID
650 _aUTILITY MAPPING
690 _aMANAGEMENT-BUSINESS MANAGEMENT-INFORMATION MANAGEMENT
690 _aTRANSPORT AND COMMUNICATIONS
942 _n0
948 _c04/03/1997
999 _c2429
_d2429